| 000 | 00864nam a22002417a 4500 | ||
|---|---|---|---|
| 999 |
_c20891 _d20891 |
||
| 003 | AR-CdUCM | ||
| 008 | 190607b ||||| |||| 00| 0 spa d | ||
| 020 | _a968-29-1148-6 | ||
| 040 |
_aMUNICIPALIDAD PROVINCIAL DEL CUSCO _cBIBLIOTECA MUNICIPAL DEL CUSCO |
||
| 082 |
_a869.103 / _bP79 |
||
| 110 |
_aSecretaria de Educación Publica _917942 |
||
| 245 | _aCuentos de puros sustos / | ||
| 260 |
_aMéxico : _bCoordinación de medios para niños, _c1986. |
||
| 300 |
_a62 páginas ; _bIlustraciones, _c24 cm. |
||
| 440 |
_aColección para leer en voz alta _943600 |
||
| 505 | _aContenido: Juan Soldado -- El lobo y la zorra -- Consejos y dinero... | ||
| 650 |
_aCuentos _9217 |
||
| 650 |
_aMéxico _918 |
||
| 700 |
_aGuadalupe posada, Jose (grabados) _943601 |
||
| 700 |
_aMorales, Alfonso (presentación) _943602 |
||
| 942 |
_2ddc _cLIBROS |
||
| 945 | _aJavier | ||